| 000 -LEADER |
| fixed length control field |
05723nam a22012137a 4500 |
| 001 - CONTROL NUMBER |
| control field |
9108105 |
| 003 - CONTROL NUMBER IDENTIFIER |
| control field |
LIBRIS |
| 005 - DATE AND TIME OF LATEST TRANSACTION |
| control field |
20241030092933.0 |
| 008 - FIXED-LENGTH DATA ELEMENTS--GENERAL INFORMATION |
| fixed length control field |
030924s2005 mau|||||||||||000 ||eng|c |
| 010 ## - LIBRARY OF CONGRESS CONTROL NUMBER |
| LC control number |
2003062802 |
| 020 ## - INTERNATIONAL STANDARD BOOK NUMBER |
| International Standard Book Number |
0321223535 |
| Qualifying information |
International ed. |
| 035 ## - SYSTEM CONTROL NUMBER |
| System control number |
(DLC) 2003062802 |
| 040 ## - CATALOGING SOURCE |
| Original cataloging agency |
DLC |
| Transcribing agency |
DLC |
| Modifying agency |
Z |
| Description conventions |
a |
| 041 ## - LANGUAGE CODE |
| Language code of text/sound track or separate title |
eng |
| 042 ## - AUTHENTICATION CODE |
| Authentication code |
pcc |
| 050 00 - LIBRARY OF CONGRESS CALL NUMBER |
| Classification number |
HG4011 |
| Item number |
.C833 2003 |
| 050 #4 - LIBRARY OF CONGRESS CALL NUMBER |
| Classification number |
HC 300 |
| 080 ## - UNIVERSAL DECIMAL CLASSIFICATION NUMBER |
| Universal Decimal Classification number |
336 |
| Item number |
C-78 |
| 082 00 - DEWEY DECIMAL CLASSIFICATION NUMBER |
| Classification number |
658.15 |
| Edition number |
22 |
| 084 ## - OTHER CLASSIFICATION NUMBER |
| Classification number |
Qbcd |
| Number source |
kssb/7 |
| 084 ## - OTHER CLASSIFICATION NUMBER |
| Classification number |
Qae |
| Number source |
kssb/7 |
| 084 ## - OTHER CLASSIFICATION NUMBER |
| Classification number |
Qbcc |
| Number source |
kssb/7 |
| 100 1# - MAIN ENTRY--PERSONAL NAME |
| Personal name |
Copeland, Thomas E., |
| Dates associated with a name |
1946- |
| Authority record control number or standard number |
https://libris.kb.se/fcrtnp1z2wvb8b6#it |
| 245 10 - TITLE STATEMENT |
| Title |
Financial theory and corporate policy / |
| Statement of responsibility, etc. |
Thomas E. Copeland, J. Fred Weston, Kuldeep Shastri. |
| 250 ## - EDITION STATEMENT |
| Edition statement |
4. ed. |
| 260 ## - PUBLICATION, DISTRIBUTION, ETC. |
| Place of publication, distribution, etc. |
Boston, Mass. |
| Name of publisher, distributor, etc. |
Pearson Addison-Wesley, |
| Date of publication, distribution, etc. |
2005 |
| 300 ## - PHYSICAL DESCRIPTION |
| Extent |
xix, 1000 s. |
| Other physical details |
ill. |
| 490 0# - SERIES STATEMENT |
| Series statement |
Addison-Wesley series in finance |
| 504 ## - BIBLIOGRAPHY, ETC. NOTE |
| Bibliography, etc. note |
Includes bibliographical references and index |
| 650 #7 - SUBJECT ADDED ENTRY--TOPICAL TERM |
| Topical term or geographic name entry element |
Finansieringsanalys |
| Authority record control number or standard number |
https://id.kb.se/term/sao/Finansieringsanalys |
| Source of heading or term |
sao |
| 650 #7 - SUBJECT ADDED ENTRY--TOPICAL TERM |
| Topical term or geographic name entry element |
F�retagsekonomi |
| Authority record control number or standard number |
https://id.kb.se/term/sao/F%C3%B6retagsekonomi |
| Source of heading or term |
sao |
| 650 #0 - SUBJECT ADDED ENTRY--TOPICAL TERM |
| Topical term or geographic name entry element |
Finance |
| 650 #0 - SUBJECT ADDED ENTRY--TOPICAL TERM |
| Topical term or geographic name entry element |
Corporations |
| General subdivision |
Finance |
| 650 #7 - SUBJECT ADDED ENTRY--TOPICAL TERM |
| Topical term or geographic name entry element |
Corporate finance |
| Source of heading or term |
shbe |
| 650 #0 - SUBJECT ADDED ENTRY--TOPICAL TERM |
| Topical term or geographic name entry element |
Managerial economics |
| 653 ## - INDEX TERM--UNCONTROLLED |
| Uncontrolled term |
Finansiering |
| 653 ## - INDEX TERM--UNCONTROLLED |
| Uncontrolled term |
ფინანსები |
| 653 ## - INDEX TERM--UNCONTROLLED |
| Uncontrolled term |
Corporate finance |
| 653 ## - INDEX TERM--UNCONTROLLED |
| Uncontrolled term |
Financial management |
| 700 1# - ADDED ENTRY--PERSONAL NAME |
| Personal name |
Weston, J. Fred |
| Fuller form of name |
(John Fred), |
| Dates associated with a name |
1916- |
| 700 1# - ADDED ENTRY--PERSONAL NAME |
| Personal name |
Shastri, Kuldeep |
| 887 ## - NON-MARC INFORMATION FIELD |
| Content of non-MARC field |
{"@id":"5ngddtlh3z8lt2w","modified":"2018-04-10T09:22:19+02:00","checksum":"105403997168"} |
| Source of data |
librisxl |
| 887 ## - NON-MARC INFORMATION FIELD |
| Content of non-MARC field |
{"@id":"mrzzsvjs2bkjfcq","modified":"2011-07-20T09:22:03+02:00","checksum":"57668625486"} |
| Source of data |
librisxl |
| 887 ## - NON-MARC INFORMATION FIELD |
| Content of non-MARC field |
{"@id":"jntlc21p0815wjj","modified":"2004-04-16T13:55:46+02:00","checksum":"59295053319"} |
| Source of data |
librisxl |
| 887 ## - NON-MARC INFORMATION FIELD |
| Content of non-MARC field |
{"@id":"hmskjb3n5hcv8gm","modified":"2017-07-18T13:20:50+02:00","checksum":"67397645327"} |
| Source of data |
librisxl |
| 887 ## - NON-MARC INFORMATION FIELD |
| Content of non-MARC field |
{"@id":"z38251043cpz7s6","modified":"2004-09-21T10:36:07+02:00","checksum":"61227415376"} |
| Source of data |
librisxl |
| 887 ## - NON-MARC INFORMATION FIELD |
| Content of non-MARC field |
{"@id":"7ckd381d4zdbsqc","modified":"2011-10-05T15:09:07+02:00","checksum":"57271402804"} |
| Source of data |
librisxl |
| 887 ## - NON-MARC INFORMATION FIELD |
| Content of non-MARC field |
{"@id":"djpjj26k4x9f0sk","modified":"2018-02-26T11:13:27+01:00","checksum":"64352530065"} |
| Source of data |
librisxl |
| 887 ## - NON-MARC INFORMATION FIELD |
| Content of non-MARC field |
{"@id":"lqxrj74r34zxt7s","modified":"2006-08-10T12:36:26+02:00","checksum":"71332203924"} |
| Source of data |
librisxl |
| 887 ## - NON-MARC INFORMATION FIELD |
| Content of non-MARC field |
{"@id":"fkqkfwkl45jqwg4","modified":"2011-02-14T09:50:20+01:00","checksum":"55765256063"} |
| Source of data |
librisxl |
| 887 ## - NON-MARC INFORMATION FIELD |
| Content of non-MARC field |
{"@id":"hmt2nccn4zc70xz","modified":"2011-04-05T10:25:54+02:00","checksum":"66347456626"} |
| Source of data |
librisxl |
| 887 ## - NON-MARC INFORMATION FIELD |
| Content of non-MARC field |
{"@id":"6bjh3x8c2sj3c33","modified":"2014-06-27T11:12:06+02:00","checksum":"65022536904"} |
| Source of data |
librisxl |
| 887 ## - NON-MARC INFORMATION FIELD |
| Content of non-MARC field |
{"@id":"6bjmsv3c4l52064","modified":"2010-02-05T14:15:23+01:00","checksum":"74128090749"} |
| Source of data |
librisxl |
| 887 ## - NON-MARC INFORMATION FIELD |
| Content of non-MARC field |
{"@id":"qv2w0spw47dh640","modified":"2006-01-09T08:45:51+01:00","checksum":"71794162751"} |
| Source of data |
librisxl |
| 887 ## - NON-MARC INFORMATION FIELD |
| Content of non-MARC field |
{"@id":"hmtvcrgn0zlkvql","modified":"2015-10-23T14:34:12+02:00","checksum":"50021148037"} |
| Source of data |
librisxl |
| 887 ## - NON-MARC INFORMATION FIELD |
| Content of non-MARC field |
{"@id":"sx3vm87z56jx91s","modified":"2004-04-15T16:44:37+02:00","checksum":"62349139875"} |
| Source of data |
librisxl |
| 887 ## - NON-MARC INFORMATION FIELD |
| Content of non-MARC field |
{"@id":"mrxr9r6s3kdh8mb","modified":"2014-09-10T08:16:12+02:00","checksum":"60258676635"} |
| Source of data |
librisxl |
| 887 ## - NON-MARC INFORMATION FIELD |
| Content of non-MARC field |
{"@id":"kpws0jvq49q090c","modified":"2011-08-22T13:27:53+02:00","checksum":"66325427779"} |
| Source of data |
librisxl |
| 887 ## - NON-MARC INFORMATION FIELD |
| Content of non-MARC field |
{"@id":"fkqhw69l5hk1r3s","modified":"2019-05-08T10:31:41.934+02:00","checksum":"40923104604"} |
| Source of data |
librisxl |
| 900 1s - EQUIVALENCE OR CROSS-REFERENCE-PERSONAL NAME [LOCAL, CANADA] |
| Linkage |
100 |
| Dates associated with a name |
1946- |
| Affiliation |
Copeland, Thomas E., |
| Dates associated with a name |
1946- |
| 900 1s - EQUIVALENCE OR CROSS-REFERENCE-PERSONAL NAME [LOCAL, CANADA] |
| Linkage |
100 |
| Dates associated with a name |
1946- |
| Affiliation |
Copeland, Thomas E., |
| Dates associated with a name |
1946- |
| 942 ## - ADDED ENTRY ELEMENTS (KOHA) |
| Source of classification or shelving scheme |
|
| Koha item type |
Books |